F1 World Champions (1950-2022) - Statistics

General Stats
  • This quiz has been taken 41 times
  • The average score is 66 of 73
Answer Stats
Year Name Team they used to drive for % Correct
1985 Alain Prost McLaren
100%
1986 Alain Prost McLaren
100%
1989 Alain Prost McLaren
100%
1993 Alain Prost Williams
100%
1988 Ayrton Senna McLaren
100%
1990 Ayrton Senna McLaren
100%
1991 Ayrton Senna McLaren
100%
2008 Lewis Hamilton McLaren
100%
2014 Lewis Hamilton Mercedes
100%
2015 Lewis Hamilton Mercedes
100%
2017 Lewis Hamilton Mercedes
100%
2018 Lewis Hamilton Mercedes
100%
2019 Lewis Hamilton Mercedes
100%
2020 Lewis Hamilton Mercedes
100%
2021 Max Verstappen Red Bull
100%
2022 Max Verstappen Red Bull
100%
1994 Michael Schumacher Benetton
100%
1995 Michael Schumacher Benetton
100%
2000 Michael Schumacher Ferrari
100%
2001 Michael Schumacher Ferrari
100%
2002 Michael Schumacher Ferrari
100%
2003 Michael Schumacher Ferrari
100%
2004 Michael Schumacher Ferrari
100%
1982 Keke Rosberg Williams
97%
2016 Nico Rosberg Mercedes
97%
2010 Sebastian Vettel Red Bull
97%
2011 Sebastian Vettel Red Bull
97%
2012 Sebastian Vettel Red Bull
97%
2013 Sebastian Vettel Red Bull
97%
2005 Fernando Alonso Renault
94%
2006 Fernando Alonso Renault
94%
1951 Juan Manuel Fangio Alfa Romeo
94%
1954 Juan Manuel Fangio Mercedes
94%
1955 Juan Manuel Fangio Mercedes
94%
1956 Juan Manuel Fangio Ferrari
94%
1957 Juan Manuel Fangio Maserati
94%
2007 Kimi Raikkonen Ferrari
91%
1981 Nelson Piquet Brabham
91%
1983 Nelson Piquet Brabham
91%
1987 Nelson Piquet Williams
91%
1996 Damon Hill Williams
88%
1997 Jacques Villeneuve Williams
88%
1975 Niki Lauda Ferrari
88%
1977 Niki Lauda Ferrari
88%
1984 Niki Lauda McLaren
88%
1962 Graham Hill Owen
85%
1968 Graham Hill Lotus
85%
1969 Jackie Stewart Matra
85%
1971 Jackie Stewart Tyrrell
85%
1973 Jackie Stewart Tyrrell
85%
1976 James Hunt McLaren
85%
2009 Jenson Button Brawn
85%
1998 Mika Hakkinen McLaren
85%
1999 Mika Hakkinen McLaren
85%
1992 Nigel Mansell Williams
85%
1961 Phil Hill Ferrari
85%
1972 Emerson Fittipaldi Lotus
82%
1974 Emerson Fittipaldi McLaren
82%
1959 Jack Brabham Cooper
82%
1960 Jack Brabham Cooper
82%
1966 Jack Brabham Brabham
82%
1979 Jody Scheckter Ferrari
79%
1980 Alan Jones Williams
76%
1952 Alberto Ascari Ferrari
74%
1953 Alberto Ascari Ferrari
74%
1950 Giuseppi Farina Alfa Romeo
74%
1963 Jim Clark Lotus
74%
1965 Jim Clark Lotus
74%
1964 John Surtees Ferrari
74%
1978 Mario Andretti Lotus
74%
1970 Jochen Rindt Lotus
71%
1967 Denny Hulme Brabham
68%
1958 Mike Hawthorn Ferrari
65%
No matching quizzes found
Score Distribution
Percent of People with Each Score
Percentile by Number Answered
Your Score History
You have not taken this quiz